header

A switch in time (Record no. 84016)

MARC details
000 -LEADER
fixed length control field 01931nam a2200397Ia 4500
100 1# - MAIN ENTRY--AUTHOR NAME
Personal name Pollack, Kenneth M.
245 12 - TITLE STATEMENT
Title A switch in time
260 ## - PUBLICATION, DISTRIBUTION, ETC. (IMPRINT)
Place of publication Washington, D.C. :
Name of publisher Saban Center for Middle East Policy at the Brookings Institution,
Year of publication c2006.
300 ## - PHYSICAL DESCRIPTION
Number of Pages xvi, 123 p. :
Other physical details ill.
490 1# - SERIES STATEMENT
Series statement Analysis paper ;
500 ## - GENERAL NOTE
General note "February 2006."
505 0# - FORMATTED CONTENTS NOTE
Formatted contents note Preface -- Executive summary -- Introduction -- Security and military operations -- Building a new Iraqi political system -- Assisting Iraq's economic development.
650 #0 - SUBJECT ADDED ENTRY--TOPICAL TERM
Topical Term Iraq War, 2003-2011
Topical Term Nation-building
Topical Term Nation-building
856 40 - ELECTRONIC LOCATION AND ACCESS
Uniform Resource Identifier http://site.ebrary.com/lib/rucke/Doc?id=10141087

No items available.

© 2026 Rongo University
Contact us: librarian | system librarian | Rongo university